000 00629nam a2200229 i 4500
001 C2-0035093
003 PPAK
005 20190630222046.0
008 970220s1970 io |||| ||||| | may d
040 _aPPAK
_beng
_cPPAK
_erda
082 0 4 _a320.9598
_223
090 0 0 _a320.9598
_bAMI
_dKIH
100 1 _aAmin, S. M.,
_eauthor
245 1 0 _aPolemik dengan berita Yudha
264 1 _aDjakarta, Indonesia :
_bHudaya ,
_c1970
300 _a155 pages ;
_c18 cm
336 _2rdacontent
_atext
337 _2rdamedia
_aunmediated
338 _2rdacarrier
_avolume
650 1 0 _aIndonesia - Politics and government
942 _ddc
_cB
999 _c6332
_d6332